| 000 | 00673nam a22002291 4500 | ||
|---|---|---|---|
| 001 | 43842 | ||
| 003 | BD-RjUL | ||
| 005 | 20211209053747.0 | ||
| 008 | 160628s1961 nyua 000 0 eng | ||
| 035 | _a(BD-RjUL)43960 | ||
| 040 |
_aDLC/ICU _cICU _dDLC _beng |
||
| 041 | _aeng | ||
| 082 | 0 | 0 |
_a658.3152 _bLIN 1961 |
| 100 | 1 |
_aLincoln, James Finney, _d1883- _9134746 |
|
| 245 | 1 | 2 |
_aA new approach to industrial economics / _cJames Finney Lincoln |
| 260 |
_aNew York : _bDevin-Adair, _c1961. |
||
| 300 |
_a166 p. : _bill. ; _c21 cm. |
||
| 610 | 2 | 0 |
_aLincoln Electric Company. _9134747 |
| 650 | 0 |
_aIndustrial management. _9134748 |
|
| 942 |
_2ddc _cBK |
||
| 999 |
_c43842 _d43842 |
||